000 01236cam a22003494a 4500
001 muse76186
003 MdBmJHUP
005 20210127151259.0
006 m o d
007 cr||||||||nn|n
008 171221s2016 enk o 00 0 eng d
020 _a9781862181397
020 _z186218139X (pbk.)
020 _a1862181403
035 _a(OCoLC)1106176331
040 _aMdBmJHUP
_cMdBmJHUP
100 1 _aTaylor, David.
245 1 0 _aBeerhouses, brothels and bobbies
_bPolicing by consent in Huddersfield and the Huddersfield district in the mid-nineteenth century /
_cDavid Taylor.
264 1 _bUniversity of Huddersfield,
264 3 _bProject MUSE,
300 _a1 online resource (301 pages)
506 0 _aOpen Access
_fUnrestricted online access
_2star
588 _aDescription based on print version record.
655 7 _aElectronic books.
_2local
710 2 _aProject Muse.
_edistributor
830 0 _aBook collections on Project MUSE.
856 4 0 _zFull text available:
_uhttps://muse.jhu.edu/book/66681/
999 _c25263
_d25263